000 03345nam a22003617a 4500
001 103423
003 KnowledgeUnlatched
005 20210303104839.0
006 m o d
007 cr u||||||||||
008 210129p20132017xxk o u00| u eng d
035 _a(OCoLC)875673222
037 _5BiblioBoard
245 0 0 _aRhetorics of Belonging
_bNation, Narration and Israel/Palestine /
_cAnna Bernard.
020 _a9781846319433
029 1 _ahttps://library.biblioboard.com/ext/api/media/3dd2f66c-91d7-4bbd-9294-5787771cd407/assets/thumbnail.jpg
040 _aScCtBLL
_cScCtBLL
100 1 _aBernard, Anna
_eauthor.
264 1 _bLiverpool University Press,
300 _a1 online resource (215 p.)
506 0 _aAccess copy available to the general public.
_fUnrestricted
_2star
520 _aDescribes the formation and operation of a category of Palestinian and Israeli 'world literature' whose authors actively respond to the expectation that their work will 'narrate' the nation, invigorating critical debates about the political and artistic value of national narration as a literary practice.The crisis in Israel/Palestine has long been the world's most visible military conflict. Yet the region's cultural and intellectual life remains all but unknown to most foreign observers, which means that literary texts that make it into circulation abroad tend to be received as historical documents rather than aesthetic artefacts. Rhetorics of Belonging examines the diverse ways in which Palestinian and Israeli world writers have responded to the expectation that they will "narrate" the nation, invigorating critical debates about the political and artistic value of national narration as a reading and writing practice. It considers writers whose work is rarely discussed together, offering new readings of the work of Edward Said, Amos Oz, Mourid Barghouti, Orly Castel-Bloom, Sahar Khalifeh, and Anton Shammas. This book helps to restore the category of the nation to contemporary literary criticism by attending to a context where the idea of the nation is so central a part of everyday experience that writers cannot not address it, and readers cannot help but read for it. It also points a way toward a relational literary history of Israel/Palestine, one that would situate Palestinian and Israeli writing in the context of a history of antagonistic interaction. The book's findings are relevant not only for scholars working in postcolonial studies and Israel/Palestine studies, but for anyone interested in the difficult and unpredictable intersections of literature and politics. This title was made Open Access by libraries from around the world through Knowledge Unlatched.
588 0 _aDescription based on print version record.
590 _aKnowledge Unlatched Pilot Collection
650 7 _aPolitical Science
_2bisacsh
650 0 _aPolitical science
655 0 _aElectronic books.
758 _iIs found in:
_aKnowledge Unlatched
_1https://openresearchlibrary.org/module/2774bc74-146a-484f-a7ba-ab1d6a09bbfb
856 4 0 _uhttps://openresearchlibrary.org/content/3dd2f66c-91d7-4bbd-9294-5787771cd407
_zView this content on Open Research Library.
_70
999 _c32775
_d32775